Life elementary Student's book with online workbook

Gardado en:
Detalles Bibliográficos
Autor Principal: Hughes, John
Outros autores: Stephenson, Helen, Dummett, Paul
Formato: Libro
Idioma:English
Publicado: Singapore Cengage learning Asia Pte Ltd. 2015
Series:National Geographic learning
Những chủ đề:
Các nhãn: Engadir etiqueta
Sen Etiquetas, Sexa o primeiro en etiquetar este rexistro!
Thư viện lưu trữ: Mạng thư viện Đại học Đà Nẵng
LEADER 01201nam a2200349 4500
001 000023307
003 19757
005 20150909080948.0
008 150909s2015 engsd
020 |a 9789814653503  |a 9814653500 
041 0 |a eng 
082 1 4 |a 428.0076  |b HU-J 
100 1 |a Hughes, John 
245 1 0 |a Life elementary  |b Student's book with online workbook  |c John Hughes, Helen Stephenson, Paul Dummett 
260 |a Singapore  |b Cengage learning Asia Pte Ltd.  |c 2015 
300 |a 176 p.  |b ill.  |c 30 cm. 
490 |a National Geographic learning 
500 |a Includes index 
650 0 4 |a English language  |v Workbook  |x English for foreigner 
653 |a Tiếng Anh 
700 1 |a Stephenson, Helen 
700 1 |a Dummett, Paul 
OWN |a LSP 
AVA |a UDN50  |b LSP  |d 428.0076 HU-J  |e check_holdings  |t Error 5003 Not defined in file expand_doc_bib_avail.  |h N  |k 1 
999 |a From the UDN01 
AVA |a UDN50  |b LSP  |d 428.0076 HU-J  |e available  |t Error 5001 Not defined in file expand_doc_bib_avail.  |f 295  |g 0  |h N  |i 3  |k 1 
TYP |a Monograph 
TYP |a Printed language 
980 |a Mạng thư viện Đại học Đà Nẵng